00753nam a2200205 a 450000100100000000500170001000800410002704000250006808200200009310000540011324500510016726000510021830000200026959000260028965000280031565000310034391000380037495201180041299900170053000001120720240412074224.0091015t1970 dr 001 p spa d aDO-SdBNPbspacBNPHU aRD861.44bL817b1 aLockward Pérez, Jorge Alfonso,d1937-20019205910aBarro al sol :bpoemas /cJ. Alfonso Lockward. aSanto Domingo :bLibrería Dominicana,c1970. a69 p. ;c20 cm. aInventariado, 2018/LP 0aPoesía dominicana966 0aLiteratura dominicana.967 aValidado. Control de calidad EMS. 0010718PDaPDbPDcHDd2009-10-15iLF1l0oRD861.44 L817bp11207-10r2020-06-25w2020-06-25yLFPDZNo se presta c10926d10926